000 01261nam a22003014a 4500
005 20090811112650.0
008 090319s2009 ii ab b 000 0 eng
010 _aENG-94709
020 _a9780195698862
_c895.00
020 _a019569886X
_c895.00
035 _aEN-78242
037 _aDBAD / PUB
040 _adpl
_bEnglish
082 _a726.1430954
245 _aBuddhist stupas in South Asia :
_brecent archaeological, art-historical, and historical perspectives /
_cedited by Jason Hawkes (and) Akira Shimada
260 _aNew Delhi
_bOxford University Press
_c2009
270 _aYMCA Library Building, Jai Singh Road,
_bNew Delhi
_e110001
300 _axlii, 346 p. :
_bill., maps ;
_c22cm(Hb)
490 _aSOAS studies on South Asia
500 _aIncludes bibliographical references
650 _aStūpas
_zSouth Asia
_xHistory.
650 _aBuddhist antiquities
_zSouth Asia.
650 _aBuddhist decoration and ornament
_zSouth Asia.
700 _aHawkes, Jason
700 _aShimada, Akira
942 _2ddc
_cEN
_h726.1430954
_mBUD
999 _c29097
_d29097